Harry Potter: les Détraqueurs - Statistiques

Statistiques générales
  • Ce quiz a été pris 79 fois
  • Le résultat moyen est 7 sur 9
Statistiques - réponses
Information Réponses % Correct
Dernière apparition Harry Potter et les Reliques de la Mort
100%
Utilisation Garder Azkaban
98%
Première apparition Harry Potter et le Prisonnier d'Azkaban
98%
Sort pour les neutraliser Patronus
97%
Description Cape noire / humanoïde
71%
Alimentation Sentiments humains/âmes
62%
Aliment utile contre eux Chocolat
57%
Leur façon d'aspirer l'âme Baiser
44%
Statut Non-être
27%
Aucun quiz correspondant
Distribution des résultats
% des personnes avec chaque résultat
Percentile par nombre de réponses
Votre historique - résultats
Vous n’avez pas pris ce quiz